تنزيه الشريعة المرفوعة عن الأحاديث الشنيعة الموضوعة / (رقم التسجيلة. 78593)

تفاصيل مارك
000 -LEADER
fixed length control field 00715nam a22002057a 4500
005 - DATE AND TIME OF LATEST TRANSACTION
control field 20251108172417.0
008 - FIXED-LENGTH DATA ELEMENTS--GENERAL INFORMATION
fixed length control field 250721s1981 xx 000 0 ara d
082 14 - DEWEY DECIMAL CLASSIFICATION NUMBER
Classification number 215.2/عرا
100 1# - MAIN ENTRY--PERSONAL NAME
Personal name ابن عراق، أبو الحسن نور الدين الكتاني
245 10 - TITLE STATEMENT
Title تنزيه الشريعة المرفوعة عن الأحاديث الشنيعة الموضوعة /
250 ## - EDITION STATEMENT
Edition statement ط2
264 1# - PRODUCTION, PUBLICATION, DISTRIBUTION, MANUFACTURE, AND COPYRIGHT NOTICE
Place of production, publication, distribution, manufacture بيروت :
Name of producer, publisher, distributor, manufacturer دار الكتب العلمية،
Date of production, publication, distribution, manufacture, or copyright notice 1981.
300 ## - PHYSICAL DESCRIPTION
Extent
650 17 - SUBJECT ADDED ENTRY--TOPICAL TERM
Topical term or geographic name as entry element الأحاديث
650 17 - SUBJECT ADDED ENTRY--TOPICAL TERM
Topical term or geographic name as entry element الشيعة
700 1# - ADDED ENTRY--PERSONAL NAME
Personal name عبد اللطيف، عبد الوهاب
Relator term تحقيق
700 1# - ADDED ENTRY--PERSONAL NAME
Personal name الصديق، عبد الله محمد
942 ## - ADDED ENTRY ELEMENTS (KOHA)
Source of classification or shelving scheme Dewey Decimal Classification
Koha item type مراجع
المقتنيات
حالة السحب حالة الفقدان مصدر التصنيف حالة التلف غير قابل للإعارة المكتبة الرئيسية المكتبة الحالية موقع الرف تاريخ التزويد الرقم المتسلسل Total Checkouts رقم الإستدعاء الباركود تاريخ آخر ظهور تاريخ الفاتورة نوع المادة (كوها)
    Dewey Decimal Classification   Not For Loan المكتبة المركزية المكتبة المركزية مراجع 06/07/2004 630622   215.2/عرا 630622 28/07/2025 06/07/2004 مراجع
    Dewey Decimal Classification   Not For Loan المكتبة المركزية المكتبة المركزية مراجع 06/07/2004 630621   215.2/عرا 630621 28/07/2025 06/07/2004 مراجع
Implemented & Customized by: BBB with SCIT (Smart Chains for Information Technology)

Powered by Koha